000 004380000a22001810004500
020 _a84-7339-608-1
041 0 _aSPA
082 0 4 _aG 300 D963s
100 1 _aDurkheim, Emile (1858 - 1917)
245 1 0 _aEl suicidio / Emile Durkheim
260 _aEspaña : Akal
300 _a450 Pag
001 9196
942 _cBK
999 _c39260
_d39260
336 _atexto
_btxt
_2rdacontent
337 _2rdamedia
_asin mediación
_bn
338 _2rdacarrier
_avolumen
_bnc